000 00711nam a2200241Ia 4500
003 OSt
005 20220923224929.0
006 a|||||r|||| 00| 0
007 ta
008 220922b |||||||| |||| 00| 0 hin d
024 _a253,826
037 _cTextual
040 _aARTS
_cARTS
_bhin
041 _2hin
_ahin
082 _aO152,3N12x, L7
100 _aजैन, यशपाल
245 0 _aदायरे और इंसान
246 _aDāyare aur iansāna
260 _aदिल्ली
_b आलेख
_c1977
650 _aहिन्दी साहित्य
_9156264
942 _hO152,3N12x, L7
_cTEXL
_2CC
999 _c374751
_d374751